header

Trapped in the net (Record no. 5362)

MARC details
000 -LEADER
fixed length control field 01331nam a2200325 a 4500
001 - CONTROL NUMBER
control field ebr10002100
003 - CONTROL NUMBER IDENTIFIER
control field CaPaEBR
006 - FIXED-LENGTH DATA ELEMENTS--ADDITIONAL MATERIAL CHARACTERISTICS--GENERAL INFORMATION
fixed length control field m u
007 - PHYSICAL DESCRIPTION FIXED FIELD--GENERAL INFORMATION
fixed length control field cr cn|||||||||
008 - FIXED-LENGTH DATA ELEMENTS--GENERAL INFORMATION
fixed length control field 960814s1997 nju sb 001 0 eng
010 ## - LIBRARY OF CONGRESS CONTROL NUMBER
Canceled/invalid LC control number 96041003
020 ## - INTERNATIONAL STANDARD BOOK NUMBER
Cancelled/invalid ISBN 0691010803 (cl : alk. paper)
040 ## - CATALOGING SOURCE
Original cataloging agency CaPaEBR
Transcribing agency CaPaEBR
035 ## - SYSTEM CONTROL NUMBER
System control number (OCoLC)614505530
050 14 - LIBRARY OF CONGRESS CALL NUMBER
Classification number QA76.9.C66
Item number R62 1997eb
082 04 - DEWEY DECIMAL CLASSIFICATION NUMBER
Classification number 303.48/34
Edition number 20
100 1# - MAIN ENTRY--PERSONAL NAME
Personal name Rochlin, Gene I.
245 10 - TITLE STATEMENT
Title Trapped in the net
Medium [electronic resource] :
Remainder of title the unanticipated consequences of computerization /
Statement of responsibility, etc Gene I. Rochlin.
246 30 - VARYING FORM OF TITLE
Title proper/short title Unanticipated consequences of computerization
260 ## - PUBLICATION, DISTRIBUTION, ETC. (IMPRINT)
Place of publication, distribution, etc Princeton, N.J. :
Name of publisher, distributor, etc Princeton University Press,
Date of publication, distribution, etc c1997.
300 ## - PHYSICAL DESCRIPTION
Extent xvi, 293 p.
504 ## - BIBLIOGRAPHY, ETC. NOTE
Bibliography, etc Includes bibliographical references (p. [265]-284) and index.
533 ## - REPRODUCTION NOTE
Type of reproduction Electronic reproduction.
Place of reproduction Palo Alto, Calif. :
Agency responsible for reproduction ebrary,
Date of reproduction 2013.
Note about reproduction Available via World Wide Web.
-- Access may be limited to ebrary affiliated libraries.
650 #0 - SUBJECT ADDED ENTRY--TOPICAL TERM
Topical term or geographic name as entry element Computers and civilization.
Topical term or geographic name as entry element Electronic data processing
General subdivision Social aspects.
Topical term or geographic name as entry element Computer networks.
655 #7 - INDEX TERM--GENRE/FORM
Genre/form data or focus term Electronic books.
Source of term local
710 2# - ADDED ENTRY--CORPORATE NAME
Corporate name or jurisdiction name as entry element ebrary, Inc.
856 40 - ELECTRONIC LOCATION AND ACCESS
Uniform Resource Identifier <a href="http://site.ebrary.com/lib/rucke/Doc?id=10002100">http://site.ebrary.com/lib/rucke/Doc?id=10002100</a>
Public note An electronic book accessible through the World Wide Web; click to view

No items available.

© 2026 Rongo University
Contact us: librarian | system librarian | Rongo university